[Event "Olomoucke sachove leto Open senioru"]
[Site "Olomouc (CZE), Hotel Flora"]
[Date "2015.08.18"]
[Round "5.5"]
[White "Hagara, Vladimir"]
[Black "Zdrazil, Bohumir"]
[Result "1/2-1/2"]
[WhiteElo "1839"]
[BlackElo "1933"]
[PlyCount "79"]
[EventDate "2015.08.15"]

1. d4 Nf6 2. Nf3 g6 3. g3 b6 4. Bg2 Bb7 5. O-O Bg7 6. c4 O-O 7. Nc3 d6 8. Re1
Nbd7 9. Bf4 Nh5 10. Bg5 h6 11. Bd2 e5 12. dxe5 dxe5 13. e4 Nc5 14. Re3 c6 15.
Qc2 Qc7 16. b4 Ne6 17. Ree1 Nd4 18. Qc1 Kh7 19. Qb2 Rad8 20. Be3 Nf6 21. h3 Nh5
22. Rac1 a6 23. b5 axb5 24. cxb5 c5 25. Nd2 Nf6 26. Ne2 Qd7 27. Nc3 Qc8 28. Kh2
Qa8 29. f3 Qb8 30. Nc4 Bc8 31. Bf2 Be6 32. Ne3 Rd7 33. a4 Rfd8 34. Rf1 Nb3 35.
Rc2 Rd2 36. Ned5 Rxc2 37. Qxc2 Nd4 38. Nxf6+ Bxf6 39. Qb2 Kg7 40. Be3 1/2-1/2

[Event "Olomoucke sachove leto Open senioru"]
[Site "Olomouc (CZE), Hotel Flora"]
[Date "2015.08.18"]
[Round "5.6"]
[White "Kearsley, Raymond"]
[Black "Doossche, Carlo"]
[Result "1-0"]
[WhiteElo "1730"]
[BlackElo "1737"]
[PlyCount "125"]
[EventDate "2015.08.15"]

1. e4 c6 2. d4 d5 3. exd5 cxd5 4. c4 Nf6 5. Nc3 Nc6 6. Nf3 g6 7. cxd5 Nxd5 8.
Bc4 Nxc3 9. bxc3 Bg7 10. O-O O-O 11. Bf4 Bg4 12. h3 Bxf3 13. Qxf3 Rc8 14. Bb3
Na5 15. Rfe1 e6 16. Rad1 Nxb3 17. axb3 Qd5 18. Qxd5 exd5 19. Re7 b6 20. Rd3 Ra8
21. Rde3 Bf6 22. Rb7 Rfc8 23. Rf3 Rc6 24. Rd7 a5 25. Rxd5 a4 26. bxa4 Rxa4 27.
Rd7 Rac4 28. Be5 Bxe5 29. dxe5 Rc7 30. Rfxf7 Rxd7 31. Rxd7 Re4 32. Rb7 Rxe5 33.
Rxb6 Rc5 34. Rb3 Kf7 35. Kf1 Ke6 36. Ke2 Ra5 37. c4 Ra2+ 38. Ke3 Rc2 39. Rb4
Kd6 40. g3 Kc5 41. Rb5+ Kxc4 42. Rb7 Kd5 43. Rxh7 Ke5 44. Rg7 Rc3+ 45. Kd2 Rc6
46. Re7+ Kf6 47. Re4 Ra6 48. Ke3 Ra3+ 49. Kf4 Ra2 50. f3 Rf2 51. h4 Rf1 52. Kg4
Rf2 53. Rf4+ Kg7 54. h5 gxh5+ 55. Kxh5 Rh2+ 56. Kg5 Rg2 57. g4 Rf2 58. Rf6 Ra2
59. f4 Ra5+ 60. f5 Ra4 61. Rb6 Ra5 62. Rb7+ Kg8 63. Kg6 1-0

[Event "Olomoucke sachove leto Open senioru"]
[Site "Olomouc (CZE), Hotel Flora"]
[Date "2015.08.18"]
[Round "5.8"]
[White "Collins, Alan"]
[Black "Vagovsky, Jozef"]
[Result "1-0"]
[WhiteElo "1708"]
[BlackElo "1939"]
[PlyCount "113"]
[EventDate "2015.08.15"]

1. c4 e5 2. Nc3 Nf6 3. d3 Bb4 4. g3 O-O 5. Bg2 d5 6. cxd5 Nxd5 7. Bd2 Nb6 8. h3
Be7 9. Nf3 Nc6 10. O-O a5 11. Rc1 Re8 12. Be3 h6 13. Bxb6 cxb6 14. a4 Be6 15.
Nb5 Bc5 16. Nd2 Qd7 17. Nc4 Rac8 18. b3 Bd5 19. Bxd5 Qxd5 20. Ne3 Qe6 21. Qc2
e4 22. Nc4 Nb4 23. Qb1 exd3 24. exd3 Red8 25. Rcd1 Qf6 26. d4 Bxd4 27. Qe4 Nc6
28. Nxd4 Rxd4 29. Rxd4 Qxd4 30. Qf5 Ne7 31. Qf3 Qd5 32. Qe3 Qc5 33. Qf3 Nc6 34.
Rd1 Rd8 35. Rxd8+ Nxd8 36. Qd3 Ne6 37. Qd7 Qc6 38. Qd3 b5 39. Nxa5 Qc1+ 40. Kg2
b6 41. Nb7 Qc6+ 42. Qf3 Qxf3+ 43. Kxf3 Nd4+ 44. Ke4 Nxb3 45. axb5 f5+ 46. Kd5
Nd2 47. Nd6 g6 48. Kc6 Nb3 49. Kxb6 Nd4 50. Kc5 Nxb5 51. Nxb5 Kg7 52. Kd4 Kf6
53. Nc3 Ke6 54. h4 Kd6 55. f4 h5 56. Na4 Ke6 57. Nb2 1-0